000 00220nam a22000857a 4500
008 161228b xxu||||| |||| 00| 0 eng d
100 _92213
_aAggarwal.K.etal
245 _aEnglish Course-1
260 _aNew DelhiS.
_bS.Chand
_c2011
999 _c5101
_d5101